000 00350nam a2200133 a 4500
005 20140414131905.0
008 100927s19uu xx 00 eng d
050 _aFIC
_bB22 2001
100 _aBanks, Steven
245 _aDouble trouble.
260 _aNew York :
_bSimon spotlight / Nickelodeon,
_c2001.
440 _aAdventures #1
999 _c110899
_d110899